[Event "II Liga SSCS 2015 - Istok"]
[Site "VRNJAČKA BANJA - Hotel "]
[Date "2015.10.08"]
[Round "6.11"]
[White "MARJANOVIC, Dejan  **"]
[Black "MAKSIMOVIC, Branimir"]
[Result "1/2-1/2"]
[WhiteElo "2316"]
[BlackElo "2318"]
[PlyCount "0"]
[EventDate "2015.08.28"]

1.e4 e6 2.d4 d5 3.Nd2 c5 4.exd5 exd5 5.Ngf3 Nf6 6.Bb5+ Bd7 7.Bxd7+
Nbxd7 8.O-O Be7 9.Re1 O-O 10.dxc5 Nxc5 11.Nd4 Nce4 12.Nf5 Bc5
13.Nxe4 dxe4 14.c3 Qb6 15.Qe2 Rfe8 16.b4 Bf8 17.Be3 Qe6 18.Nd4
Qe5 19.f4 exf3 20.Qxf3 Qd5 21.Qxd5 Nxd5 22.Bd2 g6 23.Rxe8 Rxe8
24.Rc1 Rc8 25.Kf1 Bd6 26.Nf3 b5 27.a4 bxa4 28.Ra1 Nb6 29.Ke2
f6 30.Kd3 Rd8 31.Kc2 Re8 32.Kd3 Be5 33.Nxe5 fxe5 34.Ke4 Rc8 35.Be3
Rxc3 36.Bxb6 axb6 37.Rxa4 Rc2 38.g3 Re2+ 39.Kf3 Rb2 40.Ke4 Kg7
41.Kxe5 Kh6 42.Kf4 Kh5 43.Ra7 Rxb4+ 44.Kf3 h6 45.Rd7 Rb3+ 46.Kg2
Rb2+ 47.Kf3 Rb3+ 48.Kg2 Kg5 49.Rd6 Kf5 50.h3 Rb5 51.Kf3 h5 52.Rc6
Kg5 53.h4+ Kf5 54.Rd6 Rb3+ 55.Kg2 Rb5 56.Kf3 Rb4 57.Rd5+ Ke6
58.Rg5 Kf6 59.Rd5 Rb1 60.Rd6+ Kf5 61.Rc6 b5 62.Rc5+ Ke6 63.Rc6+
Kd5 64.Rxg6 b4 65.Rb6 Kc5 66.Rb8 Rf1+ 67.Ke2 Rf5 68.Rg8 Kc4 69.g4
hxg4 70.Rxg4+ Kb3 71.Rg5 Rf4 72.h5 Rh4 73.Kf3 Kc3 74.Kg3 Rh1
75.Kg2 Rh4 76.Kg3 Rh1 1/2-1/2

[Event "II Liga SSCS 2015 - Istok"]
[Site "VRNJAČKA BANJA - Hotel "]
[Date "2015.10.08"]
[Round "6.12"]
[White "DJORDJEVIC, Vuk  **"]
[Black "DMITROVIC, Tomislav"]
[Result "0-1"]
[WhiteElo "2209"]
[BlackElo "2254"]
[PlyCount "0"]
[EventDate "2015.08.28"]

1.e4 e5 2.Nf3 Nc6 3.Bb5 g6 4.O-O Bg7 5.c3 d6 6.d4 Bd7 7.d5 Nb8
8.Be2 Nf6 9.Qc2 O-O 10.Bg5 h6 11.Bh4 a5 12.c4 Na6 13.Nc3 g5 14.Bg3
Nh5 15.Nd2 Nf4 16.b3 c5 17.dxc6 bxc6 18.Rfd1 Ne6 19.Nf1 Nd4 20.Qd2
f5 21.exf5 Bxf5 22.Ne3 Be6 23.f3 Qe7 24.Rf1 Nc5 25.Rad1 Bd7 26.Ne4
Nce6 27.Bd3 Nf4 28.Nc2 d5 29.Nc3 Nxd3 30.Ne3 Nf4 31.cxd5 cxd5
32.Ncxd5 Nxd5 33.Nxd5 Qc5 34.Ne3 Bb5 35.Rfe1 Rxf3 36.Kh1 Rff8
37.Ng4 Qb4 38.Qb2 Nf5 39.Nxe5 Nxg3+ 40.hxg3 Rae8 41.a4 Bxa4 42.Re3
Bb5 43.Rde1 Rf1+ 44.Rxf1 Bxf1 0-1

[Event "II Liga SSCS 2015 - Istok"]
[Site "VRNJAČKA BANJA - Hotel "]
[Date "2015.10.08"]
[Round "6.13"]
[White "TOSIC, Nebojsa"]
[Black "KULAK, Dejan"]
[Result "1/2-1/2"]
[WhiteElo "2137"]
[BlackElo "2259"]
[PlyCount "0"]
[EventDate "2015.08.28"]

1.e4 Nf6 2.e5 Nd5 3.c4 Nb6 4.c5 Nd5 5.Bc4 e6 6.Nc3 Nxc3 7.dxc3
d5 8.cxd6 cxd6 9.Bf4 dxe5 10.Qxd8+ Kxd8 11.Bxe5 a6 12.a4 Bd7
13.Nf3 Bc6 14.O-O Bxf3 15.gxf3 Nc6 16.Bf4 Be7 17.Rfe1 Bf6 18.Rad1+
Ke8 19.Bd5 Rd8 20.Be4 Ke7 21.Bc7 Rd7 22.Bb6 Rc8 23.Rxd7+ Kxd7
24.Rd1+ Ke8 25.Kf1 Bd8 26.Be3 f5 27.Bc2 Ne5 28.Ke2 Bf6 29.Rd6
Rc6 30.Rxc6 Nxc6 31.Bd2 Kd7 32.b4 1/2-1/2

[Event "II Liga SSCS 2015 - Istok"]
[Site "VRNJAČKA BANJA - Hotel "]
[Date "2015.10.08"]
[Round "6.14"]
[White "DJORDJEVIC, Nebojsa"]
[Black "TRIFUNOVIC, Miroljub"]
[Result "1-0"]
[WhiteElo "2292"]
[BlackElo "2209"]
[PlyCount "0"]
[EventDate "2015.08.28"]

1.d4 Nf6 2.c4 e6 3.a3 d5 4.e3 b6 5.cxd5 exd5 6.Nf3 Bd6 7.Nc3
O-O 8.Be2 Bb7 9.b3 Nbd7 10.Bb2 a6 11.O-O Re8 12.Re1 c5 13.Na4
Qe7 14.dxc5 bxc5 15.Qc2 Rac8 16.Nh4 g6 17.Nf3 d4 18.Bf1 Ne5 19.Nxe5
Qxe5 20.f4 Qh5 21.Nb6 Ng4 22.h3 Nxe3 23.Nxc8 Bxc8 24.Qf2 Qf5
25.b4 Bxf4 26.g3 Bd6 27.Qxf5 gxf5 28.bxc5 Bxg3 29.Bxd4 Bxe1 30.Rxe1
f4 31.Kf2 Kf8 32.Bxe3 fxe3+ 33.Rxe3 Rxe3 34.Kxe3 Ke7 35.Kd4 Bb7
36.h4 h6 37.Ke5 a5 38.Bb5 Bc8 39.Bd3 Be6 40.Be4 f6+ 41.Kd4 Kd7
42.Ke3 Kc7 43.Kf4 Bd7 44.Bf5 Bc6 45.Kg4 Be8 46.Be4 Kd7 47.Kf5
Ke7 48.c6 a4 49.c7 Bd7+ 50.Kg6 Kd6 51.Kxf6 Kxc7 52.Kg6 Kd6 53.Kxh6
Ke5 54.Bc2 Kf6 55.h5 Be8 56.Bg6 Bc6 57.Bc2 Be8 58.Bd1 Bc6 59.Kh7
Kf7 60.Bc2 Kf6 61.Bd1 Be8 62.h6 Bd7 63.Bc2 Kf7 64.Bd1 Bf5+ 65.Kh8
Bd7 66.Bh5+ Kf8 67.Kh7 Bf5+ 68.Bg6 Bd7 69.Bd3 Kf7 70.Bc4+ Kf8
71.Kg6 Be8+ 72.Kf6 Bf7 73.h7 1-0

[Event "II Liga SSCS 2015 - Istok"]
[Site "VRNJAČKA BANJA - Hotel "]
[Date "2015.10.08"]
[Round "6.15"]
[White "ZAFIROVSKI, Mite"]
[Black "STANKOVIC, Dejan"]
[Result "1-0"]
[WhiteElo "2257"]
[BlackElo "2246"]
[PlyCount "0"]
[EventDate "2015.08.28"]

1.d4 d5 2.c4 c6 3.Nf3 Nf6 4.Qb3 a6 5.g3 b5 6.c5 Nbd7 7.Bf4 g6
8.Bg2 Bg7 9.O-O O-O 10.Qc2 Nh5 11.Bg5 f5 12.Bc1 Ndf6 13.Ne5 Qc7
14.Nd2 Nd7 15.Nxd7 Bxd7 16.Nf3 Nf6 17.Bf4 Qd8 18.Be5 Ng4 19.Bxg7
Kxg7 20.h3 Nh6 21.Ne5 f4 22.Qd2 Qc8 23.g4 g5 24.f3 Nf7 25.Nd3
h5 26.e3 hxg4 27.fxg4 Bxg4 28.hxg4 Qxg4 29.exf4 Rh8 30.Rf3 Rh6
31.Nf2 Qh4 32.Rh3 Qxf4 33.Qxf4 gxf4 34.Re1 Rg6 35.Rxe7 Rg8 36.Rc7
Re8 37.Kf1 Kg8 38.Rf3 Ng5 39.Ra3 Ne4 40.Nd3 Nd2+ 41.Kf2 Rge6
42.Ne5 Nc4 43.Rxa6 Nxe5 44.dxe5 Rxe5 45.Bf3 d4 46.Raxc6 d3 47.Rg6+
Kh8 48.Rd7 Rxc5 49.Rh6+ Kg8 50.Bd5+ 1-0

[Event "II Liga SSCS 2015 - Istok"]
[Site "VRNJAČKA BANJA - Hotel "]
[Date "2015.10.08"]
[Round "6.17"]
[White "MILOSEVIC, Jovana  **"]
[Black "STOIMENOV, Roki"]
[Result "1-0"]
[WhiteElo "2119"]
[BlackElo "2021"]
[PlyCount "0"]
[EventDate "2015.08.28"]

1.Nf3 Nf6 2.c4 g6 3.Nc3 Bg7 4.e4 d6 5.d4 O-O 6.Be2 Nbd7 7.O-O
e5 8.Be3 exd4 9.Nxd4 Nc5 10.f3 Nh5 11.Qd2 f5 12.exf5 gxf5 13.Nd5
c6 14.Nf4 Nxf4 15.Bxf4 Qf6 16.Be3 f4 17.Bf2 Qg6 18.Rfe1 Be5 19.Bf1
Qh5 20.Qe2 Rf6 21.Rad1 Rh6 22.h3 Bd7 23.b4 Na4 24.Qc2 c5 25.b5
Nb6 26.Ne2 Qf7 27.Nc1 Rg6 28.Bd3 Rg7 29.Kh2 Be6 30.Bxc5 Rc8 31.Nb3
Bxc4 32.Bxb6 axb6 33.Rc1 Bxd3 34.Qxc8+ Qf8 35.Qe6+ Kh8 36.Rc8 1-0

[Event "II Liga SSCS 2015 - Istok"]
[Site "VRNJAČKA BANJA - Hotel "]
[Date "2015.10.08"]
[Round "6.18"]
[White "DJORDJEVIC, Lazar  **"]
[Black "TURUDIC, Nenad"]
[Result "1/2-1/2"]
[WhiteElo "1845"]
[BlackElo "2205"]
[PlyCount "0"]
[EventDate "2015.08.28"]

1.e4 e5 2.Nf3 Nc6 3.Bb5 a6 4.Ba4 Nf6 5.O-O b5 6.Bb3 Bb7 7.c3
Nxe4 8.Re1 Nc5 9.Nxe5 Nxe5 10.Rxe5+ Ne6 11.d4 Bd6 12.Re1 Qh4
13.h3 O-O 14.Qg4 Qxg4 15.hxg4 Rae8 16.Bxe6 Rxe6 17.Rxe6 fxe6
18.Be3 e5 19.dxe5 Bxe5 20.Nd2 Re8 21.Nb3 d6 22.Rd1 Bc8 23.g5
Be6 24.Nd4 Bd7 25.Nc2 Bf5 1/2-1/2

[Event "II Liga SSCS 2015 - Istok"]
[Site "VRNJAČKA BANJA - Hotel "]
[Date "2015.10.08"]
[Round "6.21"]
[White "NADJ HEDJESI, Balind"]
[Black "MILOVANOVIC, Srboljub"]
[Result "1-0"]
[WhiteElo "2399"]
[BlackElo "2217"]
[PlyCount "0"]
[EventDate "2015.08.28"]

1.e4 c5 2.Nc3 Nc6 3.Bb5 Nd4 4.Bc4 d6 5.Nf3 Nf6 6.h3 a6 7.a4 Bd7
8.e5 Nxf3+ 9.Qxf3 Bc6 10.Qg3 dxe5 11.O-O e4 12.b3 g6 13.a5 Bg7
14.Qe3 Qd4 15.Ba3 Nd7 16.Rae1 Qxe3 17.fxe3 Rf8 18.Na4 Bb5 19.Rf4
Be5 20.Rxe4 Bxa4 21.bxa4 f5 22.Rxe5 Nxe5 23.Bd5 Nc6 24.Bxc5 Kd7
25.Bb6 e6 26.Bb3 Rfc8 27.e4 Re8 28.d4 Rac8 29.e5 Nb4 30.c4 Rc6
31.Kf1 Rec8 32.Rb1 Ke8 33.Ke2 Rxc4 34.Bxc4 Rxc4 35.Bc5 Nd5 36.Rxb7
Rxa4 37.Rxh7 Rxa5 38.Rg7 Rb5 39.Kf3 Rb3+ 40.Kf2 Nf4 41.Bd6 Rb2+
42.Kf3 Nxg2 43.Re7+ Kd8 44.Rxe6 Ne1+ 45.Kf4 Re2 46.Rxg6 Re4+
47.Kxf5 Rxd4 48.Rg8+ Kd7 49.e6+ 1-0

[Event "II Liga SSCS 2015 - Istok"]
[Site "VRNJAČKA BANJA - Hotel "]
[Date "2015.10.08"]
[Round "6.22"]
[White "PETROVIC, Dragan R"]
[Black "CABARKAPA, Novak  **"]
[Result "1/2-1/2"]
[WhiteElo "2201"]
[BlackElo "2377"]
[PlyCount "0"]
[EventDate "2015.08.28"]

1.e4 e6 2.d4 d5 3.Nc3 Nf6 4.e5 Nfd7 5.f4 c5 6.Nf3 Nc6 7.Be3 Be7
8.Qd2 O-O 9.Be2 b6 10.O-O f5 11.dxc5 Nxc5 12.Rfd1 Ba6 13.Bxa6
Nxa6 14.a3 Nc5 15.Nb5 Rc8 16.Qe2 Qe8 17.c4 dxc4 18.Qxc4 Na5 19.Qe2
Ncb3 1/2-1/2

[Event "II Liga SSCS 2015 - Istok"]
[Site "VRNJAČKA BANJA - Hotel "]
[Date "2015.10.08"]
[Round "6.23"]
[White "RADUSINOVIC, Lazar  *"]
[Black "KRAGULJAC, Pero"]
[Result "1-0"]
[WhiteElo "2339"]
[BlackElo "2121"]
[PlyCount "0"]
[EventDate "2015.08.28"]

1.d4 Nf6 2.Nf3 g6 3.g3 Bg7 4.Bg2 O-O 5.O-O d6 6.a4 Nbd7 7.a5
c6 8.Nc3 e5 9.e4 Re8 10.h3 Rb8 11.Be3 exd4 12.Bxd4 c5 13.Be3
Nxe4 14.Nxe4 Rxe4 15.Qxd6 Bxb2 16.Ra2 Re6 17.Qd2 Bf6 18.Bf4 Ra8
19.Ng5 Ra6 20.Ne4 Be7 21.Rd1 Qe8 22.Re1 Re6 23.Nc3 Nb8 24.Bd5
Nc6 25.a6 bxa6 26.Rxe6 Bxe6 27.Rxa6 Nd4 28.Qe3 Bf8 29.Bxa8 Qxa8
30.Qe4 Nf3+ 31.Kg2 Ne1+ 32.Kg1 Nf3+ 33.Kh1 Qxe4 34.Nxe4 Bf5 35.Nf6+
Kg7 36.Ne8+ Kg8 37.g4 Bxc2 38.Rxa7 g5 39.Bg3 h6 40.Kg2 Ne1+ 41.Kf1
Nf3 42.Ke2 Nd4+ 43.Ke3 Ne6 44.Nc7 Bg7 45.Nxe6 fxe6 46.f4 Bd4+
47.Ke2 Be4 48.Rc7 Bd5 49.fxg5 hxg5 50.Kd3 Bg2 51.h4 gxh4 52.Bxh4
e5 53.Kd2 Bh3 54.Bf6 e4 55.g5 Bf5 56.Ke1 e3 57.Rc6 Kf7 58.Bxd4
cxd4 59.Rf6+ Ke7 60.Rxf5 Ke6 1-0

[Event "II Liga SSCS 2015 - Istok"]
[Site "VRNJAČKA BANJA - Hotel "]
[Date "2015.10.08"]
[Round "6.24"]
[White "LUKIC, Igor M"]
[Black "RAVIC, Nenad"]
[Result "0-1"]
[WhiteElo "2109"]
[BlackElo "2316"]
[PlyCount "0"]
[EventDate "2015.08.28"]

1.b3 e5 2.Bb2 d6 3.Nf3 Nf6 4.d4 exd4 5.Nxd4 g6 6.e3 Bg7 7.Bd3
O-O 8.Nd2 Ng4 9.c3 Ne5 10.Bc2 Bg4 11.f3 Bd7 12.f4 Ng4 13.Qf3
Nxe3 14.Qxe3 Re8 15.Ne4 d5 16.O-O-O f5 17.Nf6+ Qxf6 18.Qd3 c5
19.Nf3 Bc6 20.h4 Nd7 21.h5 b5 22.hxg6 hxg6 23.Ng5 Nf8 24.Qh3
Re2 25.Rhe1 Rae8 26.Rxe2 Rxe2 27.Qf3 Qe7 28.g4 fxg4 29.Qxg4 Qe3+
30.Kb1 Rxc2 31.Kxc2 Bd7 0-1

[Event "II Liga SSCS 2015 - Istok"]
[Site "VRNJAČKA BANJA - Hotel "]
[Date "2015.10.08"]
[Round "6.25"]
[White "ELEZ, Nikola  *"]
[Black "SAVIC, Nebojsa"]
[Result "1-0"]
[WhiteElo "2222"]
[BlackElo "2045"]
[PlyCount "0"]
[EventDate "2015.08.28"]

1.e4 c5 2.b3 Nc6 3.Bb2 a6 4.Nf3 Qc7 5.g3 Nf6 6.Nc3 e6 7.Bg2 Be7
8.O-O Rb8 9.d4 cxd4 10.Nxd4 h5 11.Nxc6 bxc6 12.Qe2 e5 13.Rad1
h4 14.Na4 hxg3 15.fxg3 d6 16.c4 Be6 17.Bf3 Rb4 18.Qd2 c5 19.Nc3
Qb8 20.Bc1 Rb6 21.Qe2 Qc8 22.Rd3 Rc6 23.Bd2 Nd7 24.Bg4 Nf8 25.Bxe6
Qxe6 26.Nd5 Bd8 27.Qf3 Qg6 28.Qf5 Rh5 29.Qxg6 Nxg6 30.Ne3 Ne7
31.Kg2 a5 32.g4 Rh7 33.a3 Ng8 34.Nf5 Bc7 35.Bg5 f6 36.Bc1 Kf7
37.g5 g6 38.Ng3 Ke6 39.gxf6 Nxf6 40.Bg5 Nd7 41.Rdf3 a4 42.bxa4
Ra6 43.Ne2 Rxa4 44.Nc3 Rxc4 45.Nb5 Bb8 46.R1f2 Rxe4 47.h4 Rg4+
48.Kf1 e4 49.Rb3 d5 50.a4 d4 51.a5 Kd5 52.a6 Rxg5 53.hxg5 e3
54.Rg2 c4 55.Ra3 d3 56.Nc3+ Kd4 57.Rg4+ Kc5 58.a7 e2+ 59.Nxe2
dxe2+ 60.Kxe2 Rh2+ 61.Kd1 Rh1+ 62.Ke2 Rh2+ 63.Ke1 Bxa7 64.Rxa7
Nb6 65.Rc7+ Kd6 66.Rg7 Kc5 67.Rxg6 Nd5 68.Rh6 Ra2 69.g6 Ne3 70.g7
Nxg4 71.Rh5+ 1-0

[Event "II Liga SSCS 2015 - Istok"]
[Site "VRNJAČKA BANJA - Hotel "]
[Date "2015.10.08"]
[Round "6.26"]
[White "JANKOVIC, Uros  **"]
[Black "LUKIC, Dragan M "]
[Result "0-1"]
[WhiteElo "1792"]
[BlackElo "2287"]
[PlyCount "0"]
[EventDate "2015.08.28"]

1.c4 e6 2.Nc3 d5 3.cxd5 exd5 4.d4 c6 5.Bf4 Bf5 6.e3 Qb6 7.Qd2
Nf6 8.f3 Nbd7 9.Nge2 Nh5 10.g4 Nxf4 11.exf4 Bg6 12.f5 Be7 13.fxg6
Bh4+ 14.Ng3 hxg6 15.Rg1 O-O-O 16.O-O-O Rde8 17.Na4 Qc7 18.b4
Be7 19.Kb1 Bd6 20.b5 Bf4 21.Qb2 Qa5 22.bxc6 bxc6 23.Qc2 Kc7 24.Rg2
Re3 25.Rf2 Rb8+ 26.Ka1 Ra3 27.Rb1 Rxb1+ 28.Qxb1 Qxa4 29.Rb2 Nb6
30.Ne2 Rxf3 31.Rb4 Qa5 32.Bg2 Rf2 33.Nxf4 Rxf4 34.Qe1 Rf6 35.Qe7+
Nd7 36.Bh3 Re6 37.Rb7+ Kxb7 38.Qxd7+ Qc7 0-1

[Event "II Liga SSCS 2015 - Istok"]
[Site "VRNJAČKA BANJA - Hotel "]
[Date "2015.10.08"]
[Round "6.31"]
[White "GOVEDARICA, Radovan"]
[Black "MLADENOVIC, Stefan  *"]
[Result "1-0"]
[WhiteElo "2369"]
[BlackElo "2326"]
[PlyCount "0"]
[EventDate "2015.08.28"]

1.d4 e6 2.c4 Nf6 3.Nf3 b6 4.g3 Ba6 5.Qc2 Bb4+ 6.Bd2 Be7 7.Bg2
c6 8.O-O O-O 9.Re1 d5 10.cxd5 cxd5 11.Ne5 Nfd7 12.Bf4 Nxe5 13.Bxe5
Qd7 14.e4 Nc6 15.exd5 exd5 16.Nc3 Nb4 17.Qd2 Bb7 18.a3 Na6 19.Qe2
Rfe8 20.Qb5 Qxb5 21.Nxb5 Bc6 22.Nd6 Red8 23.Nf5 Bf8 24.Bxg7 Bxg7
25.Ne7+ Kf8 26.Nxc6 Rd6 27.Ne7 Re6 28.Nf5 Rae8 29.Re3 Nc7 30.Rc1
Nb5 31.Bxd5 Bf6 32.Bxe6 fxe6 33.Rc6 Bxd4 34.Nxd4 Nxd4 35.Rc7 1-0

[Event "II Liga SSCS 2015 - Istok"]
[Site "VRNJAČKA BANJA - Hotel "]
[Date "2015.10.08"]
[Round "6.32"]
[White "MARKOVIC, Marko"]
[Black "DJOKIC, Nebojsa"]
[Result "0-1"]
[WhiteElo "2269"]
[BlackElo "2204"]
[PlyCount "0"]
[EventDate "2015.08.28"]

1.e4 c5 2.a3 Nc6 3.b4 e6 4.Nf3 Nf6 5.e5 Ng4 6.bxc5 Ngxe5 7.Nxe5
Nxe5 8.d4 Ng6 9.Be2 d6 10.cxd6 Bxd6 11.O-O Qc7 12.g3 O-O 13.c4
b6 14.Be3 Bb7 15.Nd2 Nh4 16.c5 bxc5 17.Nc4 Nf5 18.dxc5 Bxc5 19.Bxc5
Qxc5 20.Rc1 Rfd8 21.Qb3 Nd4 22.Qe3 Nxe2+ 23.Qxe2 Rac8 24.Qe3
Qd5 25.Ne5 Qg2# 0-1

[Event "II Liga SSCS 2015 - Istok"]
[Site "VRNJAČKA BANJA - Hotel "]
[Date "2015.10.08"]
[Round "6.33"]
[White "JOVANOVIC, Aleksandar D"]
[Black "RAICEVIC, Ivica"]
[Result "0-1"]
[WhiteElo "2195"]
[BlackElo "2238"]
[PlyCount "0"]
[EventDate "2015.08.28"]

1.e4 e6 2.d3 d5 3.Nc3 Nf6 4.Bd2 Nc6 5.g3 dxe4 6.dxe4 e5 7.Bg2
Bc5 8.h3 Be6 9.Qc1 O-O 10.Nf3 Bc4 11.Bg5 h6 12.Bh4 Qd6 13.g4
Nh7 14.Nd2 Ba6 15.Nd5 g5 16.Bg3 Rad8 17.c3 Ne7 18.b4 Bb6 19.c4
Nxd5 20.exd5 Qxb4 21.Rb1 Qc5 22.O-O Rfe8 23.Qc2 c6 24.dxc6 bxc6
25.Rfc1 Re6 26.Be4 Nf6 27.Bf5 Ree8 28.Nb3 Qa3 29.Re1 Bc7 30.Qc3
Qe7 31.f4 e4 32.fxg5 hxg5 33.Bxc7 Qxc7 34.Kg2 Rd3 35.Qxf6 Qg3+
36.Kf1 Qf4+ 37.Kg2 Rg3+ 0-1

[Event "II Liga SSCS 2015 - Istok"]
[Site "VRNJAČKA BANJA - Hotel "]
[Date "2015.10.08"]
[Round "6.34"]
[White "MILJKOVIC, Mihajlo"]
[Black "ILIC, Aleksandar "]
[Result "1/2-1/2"]
[WhiteElo "2252"]
[BlackElo "2147"]
[PlyCount "0"]
[EventDate "2015.08.28"]

1.d4 Nf6 2.c4 g6 3.Nc3 Bg7 4.e4 d6 5.f4 O-O 6.Nf3 Na6 7.e5 Nd7
8.Be2 c5 9.exd6 exd6 10.d5 Bxc3+ 11.bxc3 f5 12.O-O Nf6 13.Qc2
Re8 14.Bd3 Bd7 15.Bd2 Qc7 16.Rfe1 Rxe1+ 17.Rxe1 Re8 18.h3 Qd8
19.Kh2 Nc7 20.Rb1 Bc8 21.Be1 Re7 22.Bh4 Nce8 23.Qf2 Qa5 24.Qc2
Kg7 25.Rb5 Qa6 26.Rb1 Qa5 27.Rb5 Qa6 28.Qf2 Qa3 29.Qc2 Qa6 30.Rb1
Qa5 1/2-1/2

[Event "II Liga SSCS 2015 - Istok"]
[Site "VRNJAČKA BANJA - Hotel "]
[Date "2015.10.08"]
[Round "6.35"]
[White "DJUKIC, Slobodan D"]
[Black "TERZIC, Goran"]
[Result "0-1"]
[WhiteElo "2127"]
[BlackElo "2267"]
[PlyCount "0"]
[EventDate "2015.08.28"]

1.d4 Nc6 2.d5 Ne5 3.e4 Ng6 4.f4 e5 5.dxe6 fxe6 6.Nf3 Bc5 7.Nc3
Nf6 8.e5 Ng4 9.Ne4 Ne3 10.Bxe3 Bxe3 11.g3 O-O 12.Qd3 Bb6 13.O-O-O
Qe7 14.Nfg5 h6 15.Nf3 Rd8 16.Bh3 Nf8 17.Rhe1 a5 18.g4 d5 19.exd6
cxd6 20.f5 d5 21.Ng3 Bc7 22.fxe6 Bxe6 23.g5 hxg5 24.Bxe6+ Nxe6
25.Nd4 Ra6 26.Qe2 Re8 27.Nxe6 Rxe6 28.Qxe6+ Qxe6 29.Rxe6 Bf4+
30.Kb1 Rxe6 31.a4 Re5 32.Rd3 b6 33.Rb3 Be3 34.h3 Bf4 35.Rd3 Kf7
36.c3 Ke6 37.Kc2 Re1 38.Nh5 Re2+ 39.Kb1 g6 40.Ng3 Rh2 41.Nf1
Rh1 42.Rf3 Ke5 43.Kc2 Ke4 44.Rf2 Rxh3 45.Nd2+ Bxd2 46.Kxd2 g4
47.Ke2 Re3+ 48.Kd2 Rf3 49.Re2+ Kf5 50.Ke1 g3 0-1

[Event "II Liga SSCS 2015 - Istok"]
[Site "VRNJAČKA BANJA - Hotel "]
[Date "2015.10.08"]
[Round "6.36"]
[White "MARJANOVIC, Miroslav"]
[Black "MADJAR, Stanislav"]
[Result "0-1"]
[WhiteElo "2100"]
[BlackElo "2166"]
[PlyCount "0"]
[EventDate "2015.08.28"]

1.e4 Nf6 2.d3 d5 3.e5 Nfd7 4.d4 c5 5.c3 Nc6 6.Nf3 cxd4 7.cxd4
Nb6 8.Nc3 Bg4 9.Be2 e6 10.O-O Be7 11.Ne1 Bxe2 12.Nxe2 O-O 13.f4
f5 14.exf6 Bxf6 15.Nf3 Nc4 16.b3 Nd6 17.Ba3 Be7 18.Bxd6 Qxd6
19.Qd2 Bf6 20.Ne5 Bxe5 21.fxe5 Qe7 22.Nf4 Rf5 23.Rf3 Raf8 24.Raf1
R5f7 25.Qe3 Qg5 26.h3 Qh6 27.Kh2 Ne7 28.Qc1 Nf5 29.Ne2 Qxc1 30.Rxc1
h6 31.a4 Ne7 32.Rxf7 Rxf7 33.Kg1 Nc6 34.Rc5 a6 35.Rc3 Kf8 36.Rf3
Rxf3 37.gxf3 g5 38.Kf2 Kf7 39.Ke3 Kg6 40.f4 Kh5 41.fxg5 hxg5
42.Kf3 Kh4 43.Kg2 Na5 44.Nc1 b6 45.Kh2 g4 46.hxg4 Kxg4 47.b4
Nc6 48.Nd3 Nxd4 49.a5 bxa5 50.bxa5 Nc6 51.Nc5 Kf5 52.Kg2 Kxe5
53.Nxa6 Nxa5 54.Kf2 Nc4 55.Ke2 Kd6 56.Nb4 e5 57.Kd3 Nb2+ 58.Kc2
Na4 59.Kd3 Nc5+ 60.Kc3 Ne6 61.Kd3 Ng7 62.Ke3 Nf5+ 63.Kf3 Kc5
64.Nd3+ Kd4 65.Ke2 Ng3+ 66.Kd2 e4 67.Nf4 e3+ 68.Kc2 Ke4 69.Nd3
d4 70.Nc5+ Kd5 71.Na4 Nh5 72.Nb2 Nf4 73.Kd1 d3 0-1

[Event "II Liga SSCS 2015 - Istok"]
[Site "VRNJAČKA BANJA - Hotel "]
[Date "2015.10.08"]
[Round "6.37"]
[White "PETROVIC, Tijana  **"]
[Black "SMILJKOVIC, Dejan"]
[Result "0-1"]
[WhiteElo "1769"]
[BlackElo "1936"]
[PlyCount "0"]
[EventDate "2015.08.28"]

1.Nf3 d5 2.d4 c6 3.c4 Nf6 4.Nc3 e6 5.Bg5 Nbd7 6.e3 Qa5 7.Rc1
Ne4 8.Qc2 Bb4 9.a4 Nb6 10.cxd5 exd5 11.Bd3 Nxg5 12.Nxg5 h6 13.Nf3
Qxa4 14.b3 Qa5 15.O-O Bxc3 16.Qxc3 Qxc3 17.Rxc3 Be6 18.Ra1 O-O
19.b4 a6 20.Nd2 Nc8 21.Nb3 Nd6 22.Nc5 Ra7 23.h3 Rfa8 24.Rca3
Bf5 25.Be2 Bc8 26.Bd3 b6 27.Nb3 Kf8 28.Kf1 Ke7 29.Nd2 a5 30.bxa5
Rxa5 31.Rxa5 Rxa5 32.Rxa5 bxa5 33.Ke1 Bf5 34.Bxf5 Nxf5 35.Kd1
Nd6 36.Kc2 Kd7 37.Kb3 Kc7 38.Ka4 Kb6 39.Nb3 Ne4 40.f3 Nc3+ 41.Ka3
Nd1 42.e4 Kb5 43.Nd2 Ne3 44.g3 Nc4+ 45.Nxc4 Kxc4 46.exd5 cxd5 0-1

[Event "II Liga SSCS 2015 - Istok"]
[Site "VRNJAČKA BANJA - Hotel "]
[Date "2015.10.08"]
[Round "6.38"]
[White "IVANOVIC, Veljko  **"]
[Black "PETROVIC, Tamara  **"]
[Result "1/2-1/2"]
[WhiteElo "1912"]
[BlackElo "1793"]
[PlyCount "0"]
[EventDate "2015.08.28"]

1.d4 Nf6 2.c4 e6 3.Nf3 Bb4+ 4.Bd2 c5 5.Bxb4 cxb4 6.g3 b6 7.Bg2
Bb7 8.O-O O-O 9.a3 bxa3 10.Rxa3 d6 11.Nc3 Nbd7 12.Nb5 Qb8 13.b4
Rc8 14.Qb3 Ne4 15.Rfa1 a6 16.Nc3 Ndf6 17.Nxe4 Nxe4 18.Qd3 Rc7
19.Ne1 f5 20.d5 exd5 21.cxd5 Qe8 22.Qd4 Qb5 23.Bxe4 fxe4 24.Qxe4
Re8 25.Qd3 Rxe2 26.Qxb5 axb5 27.Rd1 Re4 28.Ra7 Rxb4 29.Nf3 Ra4
30.Rxa4 bxa4 31.Nd4 Rc5 32.Nf5 a3 33.Ra1 Ra5 34.Nxd6 Bxd5 35.Nc8
a2 36.Ne7+ Kf7 37.Nxd5 Rxd5 38.Rxa2 b5 39.Kg2 Kf6 1/2-1/2

[Event "II Liga SSCS 2015 - Istok"]
[Site "VRNJAČKA BANJA - Hotel "]
[Date "2015.10.08"]
[Round "6.51"]
[White "TODOROVIC, Nenad I  **"]
[Black "RISTIC, Nebojsa B"]
[Result "1/2-1/2"]
[WhiteElo "2273"]
[BlackElo "2313"]
[PlyCount "0"]
[EventDate "2015.08.28"]

1.e4 Nf6 2.e5 Nd5 3.d4 d6 4.c4 Nb6 5.exd6 cxd6 6.Nc3 g6 7.Be3
Bg7 8.Rc1 O-O 9.b3 Nc6 10.d5 Ne5 11.Be2 h5 12.f4 Ng4 13.Bd4 Bxd4
14.Qxd4 Bf5 15.h3 Nh6 16.Nf3 f6 17.O-O Nd7 18.Qd2 Nc5 19.Nd4
a5 20.Kh2 Bd7 21.f5 Nxf5 22.Nxf5 Bxf5 23.Bxh5 Qc8 24.Bd1 Nd3
25.Ra1 Ne5 26.Bc2 Bxc2 27.Qxc2 Rf7 28.Rae1 Rh7 29.Nb5 Qc5 30.Qe4
f5 31.Qf4 Nd3 32.Qg5 Nxe1 33.Rxe1 Qf2 34.Rxe7 Rxe7 35.Qxe7 Qf4+
36.Kg1 Qc1+ 37.Kh2 Qf4+ 38.Kg1 Rf8 39.Nxd6 Qd4+ 40.Kh2 Qf4+ 41.Kg1
Qd4+ 42.Kh2 Qf4+ 43.Kg1 1/2-1/2

[Event "II Liga SSCS 2015 - Istok"]
[Site "VRNJAČKA BANJA - Hotel "]
[Date "2015.10.08"]
[Round "6.52"]
[White "DIMITRIJEVIC, Zoran"]
[Black "BURA, Goran"]
[Result "0-1"]
[WhiteElo "2137"]
[BlackElo "2270"]
[PlyCount "0"]
[EventDate "2015.08.28"]

1.d4 Nf6 2.Bf4 c5 3.Nf3 cxd4 4.Nxd4 e5 5.Bg3 exd4 6.Qxd4 Nc6
7.Qa4 Be7 8.c3 O-O 9.e3 d5 10.Bd3 Qb6 11.Qc2 Be6 12.O-O Rac8
13.Qe2 Ne4 14.Bf4 Rfd8 15.Rd1 g6 16.f3 Nc5 17.b3 Nxd3 18.Rxd3
Bf6 19.Bg3 Bf5 20.Rd1 Bxb1 21.Raxb1 Bxc3 22.Rd3 Bf6 23.Rbd1 Qa6
24.Qd2 Qb6 25.a3 Qa6 26.b4 d4 27.e4 Ne5 28.Bxe5 Bxe5 29.f4 Bc7
30.f5 Be5 31.Qg5 Qf6 32.Qg4 Rc3 33.h4 Rxd3 34.Rxd3 h5 35.Qh3
Bf4 36.g4 Be3+ 37.Kh1 Qe5 38.Qf3 Re8 39.gxh5 gxh5 0-1

[Event "II Liga SSCS 2015 - Istok"]
[Site "VRNJAČKA BANJA - Hotel "]
[Date "2015.10.08"]
[Round "6.54"]
[White "DJORDJEVIC, Danilo  **"]
[Black "MICKOVIC, Slavisa"]
[Result "1/2-1/2"]
[WhiteElo "2101"]
[BlackElo "2092"]
[PlyCount "0"]
[EventDate "2015.08.28"]

1.e4 c5 2.Nf3 Nc6 3.d4 cxd4 4.Nxd4 e5 5.Nb3 Nf6 6.Bg5 Be7 7.Bxf6
Bxf6 8.Nc3 O-O 9.Nd5 Bg5 10.g3 Ne7 11.h4 Bh6 12.Bh3 d6 13.Bxc8
Rxc8 14.g4 Nxd5 15.Qxd5 Bf4 16.c3 Qc7 17.Rh3 Qd7 18.Qd1 Qc6 19.Qd3
Rfd8 20.Rd1 Qa4 21.Qc2 Rc4 22.f3 b5 23.a3 h6 24.Kf2 b4 25.axb4
Qxb4 26.Nd2 Rc6 27.Rhh1 Rb8 28.Rb1 Qd4+ 29.Ke2 Qe3+ 30.Kd1 Qf2
31.Rf1 Qxh4 32.Ke2 Qg5 33.Rfd1 h5 34.Rg1 h4 35.Rh1 Bxd2 36.Qxd2
Qxd2+ 37.Kxd2 g5 38.b4 a6 39.Ra1 Kf8 40.Ra5 Rb5 41.Rxb5 axb5
42.Ra1 Ke7 43.Ra7+ Ke6 44.Rb7 Ra6 45.Rxb5 h3 46.Rb8 h2 47.Rh8
d5 48.exd5+ Kxd5 49.Kd3 Rf6 50.c4+ Kd6 51.Ke3 Rf4 52.Rxh2 Rxc4
53.Rb2 Kc6 54.b5+ Kb6 1/2-1/2

[Event "II Liga SSCS 2015 - Istok"]
[Site "VRNJAČKA BANJA - Hotel "]
[Date "2015.10.08"]
[Round "6.55"]
[White "KOSTIC, Tomislav  **"]
[Black "BANJOVIC, Sasa"]
[Result "0-1"]
[WhiteElo "1983"]
[BlackElo "2139"]
[PlyCount "0"]
[EventDate "2015.08.28"]

1.e4 e6 2.d4 d5 3.Nc3 Bb4 4.e5 c5 5.a3 Bxc3+ 6.bxc3 Ne7 7.Qg4
O-O 8.Bd3 Ng6 9.Nf3 c4 10.Bxg6 fxg6 11.h4 Rf5 12.h5 gxh5 13.Rxh5
Rxh5 14.Qxh5 Qf8 15.Be3 Bd7 16.Kd2 Qf5 17.Qh4 Nc6 18.Rh1 Be8
19.g4 Qxf3 20.Qxh7+ Kf7 21.Rh3 Qe4 22.Qh8 Ne7 23.f3 Qg6 24.Rh7
Ng8 25.Rh5 Kf8 26.Rg5 Qf7 27.f4 Bd7 28.Ke2 Re8 29.Bc1 g6 30.a4
Qg7 31.Qh1 Ne7 32.Ba3 Kf7 33.f5 exf5 34.gxf5 Bxf5 35.Bxe7 Be4
36.Qf1+ Kxe7 37.Qb1 Ke6 38.Qb5 Qd7 39.Qc5 b6 40.Qa3 Bxc2 41.Qc1
Bd3+ 42.Ke1 Rf8 43.Rg1 Qf7 44.Qe3 0-1

[Event "II Liga SSCS 2015 - Istok"]
[Site "VRNJAČKA BANJA - Hotel "]
[Date "2015.10.08"]
[Round "6.56"]
[White "VUKASINOVIC, Sasa"]
[Black "KOSTIC, Marko ** "]
[Result "1/2-1/2"]
[WhiteElo "2075"]
[BlackElo "1938"]
[PlyCount "0"]
[EventDate "2015.08.28"]

1.e4 e5 2.Nf3 Nc6 3.Bc4 Bc5 4.O-O Nf6 5.d4 Bxd4 6.Nxd4 Nxd4 7.f4
d6 8.fxe5 dxe5 9.Bg5 Be6 10.Na3 Qe7 11.c3 Nc6 12.Kh1 h6 13.Bxf6
gxf6 14.Qf3 O-O-O 15.Qxf6 Qxf6 16.Rxf6 Rd2 17.Bxe6+ fxe6 18.Nc4
Re2 19.g3 Rxe4 20.b3 h5 21.Kg2 Re2+ 22.Rf2 Rxf2+ 23.Kxf2 Rf8+
24.Ke3 b5 25.Nd2 Ne7 26.Ne4 Nd5+ 27.Ke2 h4 28.a4 hxg3 29.hxg3
b4 30.c4 Ne7 31.Nc5 Nf5 32.Rg1 Nd4+ 33.Ke3 Rf5 34.Rh1 Kd8 35.Rh7
Rf3+ 36.Ke4 Rxg3 37.Kxe5 Nxb3 38.Nxe6+ Kc8 39.c5 Re3+ 40.Kd5
Rxe6 41.Kxe6 Nxc5+ 42.Kd5 Nxa4 43.Kc6 Kd8 44.Rd7+ Ke8 45.Rd4
a5 46.Kb5 Nc3+ 47.Kxa5 b3 48.Rb4 Kd7 49.Rxb3 Nd5 50.Kb5 Kd6 51.Rh3
c6+ 52.Kc4 Nb6+ 53.Kd4 c5+ 54.Kd3 Kc6 55.Rh5 Kb5 56.Kc3 Na4+
57.Kb3 Nb6 1/2-1/2